Villes mondiales finissant par S - Statistiques

Statistiques générales
  • Ce quiz a été pris 190 fois
  • Le résultat moyen est 14 sur 20
Statistiques - réponses
Question Villes % Correct
On peut y visiter les studios Harry Potter, elle a accueilli les JO en 2012 Londres
98%
Elle abrite le Parthenon, l'Acropole et le théâtre de Dionysos Athènes
96%
La Tour Eiffel, Montparnasse, Le Louvre, les musées d'Orsay et de Grévin Paris
96%
En Belgique, elle est enclavée par la province du Brabant Flamand Bruxelles
95%
Ville du Nevada connu pour ses Casinos Las Vegas
93%
En Argentine c'est la plus grande Buenos Aires
91%
La pizza est née dans cette ville au 15eme siècle Naples
84%
Ville qui accueillera en toute logique ceux de 2028 Los Angeles
81%
Capitale de la Lituanie Vilnius
78%
En Syrie il s'agit de la ville du Jasmin et de la rose Damas
76%
Anagramme de NUITS donne une ville près de Carthage Tunis
72%
Plus grande agglomération du Nigéria en population Lagos
70%
Ville de naissance du révolutionnaire libérateur Simón Bolívar en 1783 Caracas
68%
Préfecture de l'Ille-et-Vilaine Rennes
62%
Dans la région du Saïss au Maroc, il y a deux grosses villes, cites-en une Fès / Meknès
59%
Ajouter un "i" a cette sous-préfecture du Tarn pour quelle appartienne à Sainte-Lucie Castries
38%
L'île Maurice et sa plus grande ville y abrite l'Aapravasi GhatClassé au patrimoine mondial de l'UNESCO Port-Louis
38%
Ville du Brésil située dans la forêt d'Amazonie Manaus
36%
C'est le port principal de l'État insulaire d'Antigua-et-Barbuda Saint John's
31%
Capitale de ce pays des Antilles, synonyme de bombe Saint Georges
22%
Aucun quiz correspondant
Distribution des résultats
% des personnes avec chaque résultat
Percentile par nombre de réponses
Votre historique - résultats
Vous n’avez pas pris ce quiz